• 首页
  • 本馆介绍
  • 公告通知
  • 最新文献
  • 馆藏检索
  • 电子资源
  • 读者导购
  • 参考咨询
  • 我的图书馆
  • 登录
  • 详细信息显示
  • 放入我的书架
  • 预约/预借图书
  • 作者相关作品
  • 分类相关作品
  • 丛书相关作品
  • 出版社相关作品

书目信息

  • 表格格式
  • 工作单格式
  • 卡片格式
题名:
公安边防消防警卫部队院校招收士兵学员统考复习指导用书 化学
    
 
作者: ;复习指导用书编写组 编
分册:  
出版信息: 北京   中国人民公安大学出版社  2018.2
页数: 312页
开本: 21cm
丛书名:
单 册:
中图分类: E277.03 , G723.48
科图分类:
主题词: 中学化学课--武警院校--入学考试--升学参考资料
电子资源:
ISBN: 978-7-5653-3219-7
000 01268nam0 2200229 450
001 437
005 20180922114907.45
010    @a978-7-5653-3219-7@dCNY22.00
100    @a20180216d2018 em y0chiy0110 ea
101 0  @achi
102    @aCN@b110000
105    @ay z 000yy
200 1  @a公安边防消防警卫部队院校招收士兵学员统考复习指导用书 化学@Agong an bian fang xiao fang jing wei bu dui yuan xiao zhao shou shi bing xue yuan tong kao fu xi zhi dao yong shu hua xue@9gong an bian fang xiao fang jing wei bu dui yuan xiao zhao shou shi bing xue yuan tong kao fu xi zhi dao yong shu@f复习指导用书编写组编
210    @a北京@c中国人民公安大学出版社@d2018.2
215    @a312页@d21cm
330    @a本书作为公安边防、消防、警卫部队院校招生统考复习资料化学分册,立足公安现役部队考生的文化基础,整合现行的中学新课程化学课本的知识点,对《公安边防消防警卫部队院校招生统考考试大纲·化学》中的理论内容做系统的诠释,全面覆盖了《考试大纲》涉及的要点和考点内容,力求使考生学有方向,练有目的,考有依据,有效地归纳复习重点,提高应用技巧。
606 0  @a中学化学课@x武警院校@x入学考试@x升学参考资料
690    @aE277.03@v5
690    @aG723.48@v5
711 02 @a复习指导用书编写组@9fu xi zhi dao yong shu bian xie zu@4编
801  0 @aCN@b91CIP@c20180216
905    @aMuseLib@dE277.03@e4
    
    公安边防消防警卫部队院校招收士兵学员统考复习指导用书 化学/复习指导用书编写组编.-北京:中国人民公安大学出版社,2018.2
    312页;21cm
    
    
    ISBN 978-7-5653-3219-7:CNY22.00
    本书作为公安边防、消防、警卫部队院校招生统考复习资料化学分册,立足公安现役部队考生的文化基础,整合现行的中学新课程化学课本的知识点,对《公安边防消防警卫部队院校招生统考考试大纲·化学》中的理论内容做系统的诠释,全面覆盖了《考试大纲》涉及的要点和考点内容,力求使考生学有方向,练有目的,考有依据,有效地归纳复习重点,提高应用技巧。
●
相关链接 在E读中查询图书 在五车中查询图书 在当当中查询图书 在豆瓣中查询图书


正题名:公安边防消防警卫部队院校招收士兵学员统考复习指导用书 化学     索取号:E277.03/4         预约/预借

序号 登录号 条形码 馆藏地/架位号 状态 备注
1 1119879   211198791   第一样本阅览室/ [索取号:E277.03/4] 在馆    
2 1119880   211198808   第一借阅区/ [索取号:E277.03/4] 在馆    
3 1119881   211198817   第一借阅区/ [索取号:E277.03/4] 在馆    
4 1119882   211198826   第一借阅区/ [索取号:E277.03/4] 在馆    
5 1119883   211198835   第一借阅区/ [索取号:E277.03/4] 在馆    
唐山师范学院图书馆 欢迎您!
大连网信软件有限公司© 版权所有